000
00294nam a2200121Ia 4500
008
190216s9999||||xx |||||||||||||| ||und||
100
_a
Agarwal B K
245
0
_a
Quantum Mechanics And Field Theory
260
_b
Lokabarathi Prakasan
_c
2000
300
_a
671p
650
_a
Physics
942
_c
BK
999
_c
33721
_d
33721